| 000 | 01617nam a2200397 a 4500 | ||
|---|---|---|---|
| 001 | ebr10234638 | ||
| 003 | CaPaEBR | ||
| 006 | m u | ||
| 007 | cr cn||||||||| | ||
| 008 | 070810s2007 enkab sb 001 0 eng d | ||
| 010 | _z 2007032841 | ||
| 020 | _z9780754663713 (hardcover : alk. paper) | ||
| 020 | _z9780754693055 | ||
| 040 |
_aCaPaEBR _cCaPaEBR |
||
| 035 | _a(OCoLC)646752986 | ||
| 043 |
_an-cn-nk _an-cn-ns _an-cn-pi |
||
| 050 | 1 | 4 |
_aE99.M6 _bH67 2007eb |
| 082 | 0 | 4 |
_a971.5 _222 |
| 100 | 1 | _aHornborg, Anne-Christine. | |
| 245 | 1 | 0 |
_aMi'kmaq landscapes _h[electronic resource] : _bfrom animism to sacred ecology / _cAnne-Christine Hornborg. |
| 260 |
_aAldershot, Hants, England ; _aBurlington, Vt. : _bAshgate, _cc2007. |
||
| 300 |
_a202 p. : _bill., maps. |
||
| 490 | 1 | _aVitality of indigenous religions | |
| 504 | _aIncludes bibliographical references and index. | ||
| 533 |
_aElectronic reproduction. _bPalo Alto, Calif. : _cebrary, _d2009. _nAvailable via World Wide Web. _nAccess may be limited to ebrary affiliated libraries. |
||
| 650 | 0 |
_aMicmac Indians _xGovernment relations. |
|
| 650 | 0 |
_aMicmac Indians _xReligion. |
|
| 650 | 0 |
_aMicmac Indians _xHistory. |
|
| 650 | 0 |
_aIndigenous peoples _xEcology _zMaritime Provinces. |
|
| 651 | 0 |
_aMaritime Provinces _xEnvironmental conditions. |
|
| 651 | 0 |
_aMaritime Provinces _xHistory. |
|
| 655 | 7 |
_aElectronic books. _2local |
|
| 710 | 2 | _aebrary, Inc. | |
| 830 | 0 | _aVitality of indigenous religions. | |
| 856 | 4 | 0 |
_uhttp://site.ebrary.com/lib/rucke/Doc?id=10234638 _zAn electronic book accessible through the World Wide Web; click to view |
| 999 |
_c38216 _d38216 |
||